00544cam a22002171 4500001001300000003000400013005001700017008004100034010001700075035002000092040001800112042001200130050001600142100005600158245002000214260001100234300002600245500001700271650002100288999001700309sa 65000561 DLC20260227112103.0900102s1963 ii a 000 0 gujo  asa 65000561  a(OCoLC)20837947 aDLCcWaUdDLC apremarc00aPK1856b.D41 aDeśāī, Jehāṅgīra Māṇekajī,d1898-10aNavasārikā. c[1963] a6, 25, 260 p.cillus. aIn Gujarati. 0aGujarati poetry. c61608d61608